000 00407nam a2200169Ia 4500
005 20250423100158.0
008 250422s9999 xx 000 0 und d
020 _a9789780284373
050 _aPR 9387.9.C513 .C45/
100 _aChinwuba, Ifeoma.
245 0 _aMerchants of flesh
260 _aIbadan, Nigeria
260 _bSpectrum Books Limited
260 _c2003
300 _a309 p
942 _cBK
999 _c32519
_d32519